Christopher Nolan Movies - Statistics

General Stats
  • This quiz has been taken 38 times
    26 since last reset
  • The average score is 11 of 27
Answer Stats
Hint Answer % Correct
2005 Batman Begins
96%
2008 The Dark Knight
96%
2023 Oppenheimer
92%
2012 The Dark Knight Rises
92%
2010 Inception
88%
2020 Tenet
88%
2017 Dunkirk
84%
2000 Memento
84%
TBD Memento
84%
2014 Interstellar
68%
2006 The Prestige
52%
2002 Insomnia
48%
1998 Following
40%
2013 Man of Steel
16%
2017 Justice League
12%
2014 Transcendence
8%
2016 Batman V. Superman: Dawn of Justice
4%
2015 An Act of War
0%
2016 Dark Harvest
0%
2022 Detective Inspector
0%
2013 Don Jon
0%
2008 Ghajini
0%
2013 Paranormal Movie
0%
2013 Pulp
0%
2020 The Arsonist
0%
2012 The Black Dahlia Haunting
0%
2021 Zack Snyder's Justice League
0%
No matching quizzes found
Score Distribution
Percent of People with Each Score
Percentile by Number Answered
Your Score History
You have not taken this quiz since the last reset